| 000 | 00520nam a2200157Ia 4500 | ||
|---|---|---|---|
| 008 | 220204s9999 xx 000 0 und d | ||
| 020 | _a0851995519 | ||
| 082 |
_a581.5:630*94 _bKAR |
||
| 100 | _aKarnosky, David E | ||
| 245 | 4 | _aThe impact of carbon dioxide and other greenhouse gases on forest ecosystems: Report no.3 of the IUFRO task force on environmental changes | |
| 260 |
_aUK _bCABI Publishing _c2001 |
||
| 650 | _aCO2 impact | ||
| 650 | _aForest ecosystems | ||
| 650 | _aForest nutrient cycling | ||
| 942 | _cBK | ||
| 999 |
_c42779 _d42779 |
||